000 00709nam a22002057a 4500
001 T027600004894
008 181111b xve|||||r|||| 00| | esp d
099 _aIVP-D-01550
_b
100 _aCorporación Venezolana de Guayana (C.V.G).
245 _aInformación para la instalación de industrias en la Región Guyana y Nororiental.
260 _a
300 _a148
500 _aFotocopiado
650 _aPlanificación Regional--Industria--Región Guayana y Nororiental (Venezuela)
650 _aIncentivos en la Industria--Fundamentos--Región Guayana y Nororiental.
650 _aVenezuela
650 _aEspañol
700 _aIndustria Venezolana del Aluminio, C.A. (VENALUM).
_e
942 _cLIB
999 _c6031
_d6031